Central Library OPAC University of Rajshahi
Normal view MARC view

Entry Geographic Name

Number of records used in: 2

001 - CONTROL NUMBER

  • control field: 14048

003 - CONTROL NUMBER IDENTIFIER

  • control field: BD-RjUL

005 - DATE AND TIME OF LATEST TRANSACTION

  • control field: 20241103114612.0

008 - FIXED-LENGTH DATA ELEMENTS

  • fixed length control field: 241103|| aca||aabn | a|a d

040 ## - CATALOGING SOURCE

  • Original cataloging agency: BD-RjUL
  • Transcribing agency: BD-RjUL

151 ## - HEADING--GEOGRAPHIC NAME

  • Geographic name: Islam
  • General subdivision: .
  • Chronological subdivision: 20th century

670 ## - SOURCE DATA FOUND

  • Source citation: Work cat.: (BD-RjUL)84212: National Hijra Conference on History and Culture (1980 : Islāmābād, Pakistan) 14046, اسلام دور حاضر ميں : منتخب مضمىن / Islām daure-e- ḥāz̤ir men̲ : muntak̲h̲ab maz̤amīn / , 1984.